000 00286nam a2200121Ia 4500
008 241015s9999 xx 000 0 und d
041 _aeng
082 _a428 CUR
100 _aAnne Curzan
245 _aSays Who
260 _bcrownpublishing.con
_aLondon
_c2024
300 _a321;. P. 23 cm
999 _c41945
_d41945